Statistics for 俄罗斯邻国国旗

Click here to take the quiz!

General Stats

  • This quiz has been taken 166 times
  • The average score is 13 of 14

Answer Stats

Answer% Correct
中国
100%
乌克兰
99%
波兰
98%
朝鲜
98%
哈萨克斯坦
95%
芬兰
92%
挪威
91%
蒙古
89%
格鲁吉亚
86%
阿塞拜疆
85%
白俄罗斯
85%
立陶宛
84%
爱沙尼亚
83%
拉脱维亚
82%

Score Distribution

Percentile by Number Answered

Percent of People with Each Score

Your Score History

You have not taken this quiz